| 000 | 00610nam a2200241Ia 4500 | ||
|---|---|---|---|
| 003 | OSt | ||
| 005 | 20221005085514.0 | ||
| 006 | a|||||r|||| 00| 0 | ||
| 007 | ta | ||
| 008 | 221004b |||||||| |||| 00| 0 eng d | ||
| 020 | _a0787652857 | ||
| 024 | _a77669 | ||
| 037 | _cTextual | ||
| 040 |
_aCRL _cCRL _beng |
||
| 041 |
_2eng _aeng |
||
| 082 | _awk1, N8.23 | ||
| 245 | 0 |
_aEncyclopedia of World biography _b Supplement volume 23 |
|
| 260 |
_aNew York _bGale _c1998 |
||
| 300 |
_a597p _ccm. |
||
| 650 | _aBIOGRAPHY | ||
| 942 |
_hwk1, N8.23 _cTEXL _2cc |
||
| 999 |
_c994350 _d994350 |
||